[Event "77th ch-ARM HL 2017"]
[Site "Yerevan ARM"]
[Date "2017.01.17"]
[Round "6.4"]
[White "Harutyunian, Tigran K."]
[Black "Gabuzyan, Hovhannes"]
[Result "0-1"]
[WhiteTitle "IM"]
[BlackTitle "GM"]
[WhiteElo "2511"]
[BlackElo "2585"]
[WhiteFideId "13303635"]
[BlackFideId "13303732"]
[EventDate "2017.01.12"]

1. Nf3 Nf6 2. c4 g6 3. Nc3 Bg7 4. g3 O-O 5. Bg2 c6 6. d4 d5 7. Qb3 Qb6 8. O-O
Rd8 9. Rd1 Bf5 10. cxd5 Qxb3 11. axb3 Nxd5 12. Bg5 f6 13. Bd2 Na6 14. Nxd5 cxd5
15. Rdc1 Rd7 16. b4 Nc7 17. Bf4 Ne6 18. Be3 Be4 19. b5 Rd6 20. Ra5 f5 21. Ne5
Bxg2 22. Kxg2 b6 23. Ra6 Bxe5 24. dxe5 Rdd8 25. Rca1 d4 26. Bd2 Rd5 27. Rxa7 Re8
28. f4 Rxb5 29. b4 Kf7 30. Rb7 Nd8 31. Rc7 g5 32. Raa7 g4 33. Kf2 h5 34. Ke1 Rd5
35. Kd1 Ne6 36. Rcb7 b5 37. Ra5 Rdd8 38. Raxb5 d3 39. Be3 h4 40. Ra5 hxg3 41.
hxg3 Rh8 42. exd3 Rxd3+ 43. Ke2 Rb3 44. Raa7 Rh2+ 45. Bf2 Nd4+ 46. Ke1 Rb1+ 47.
Kd2 Nc6 48. Kc2 Rxb4 49. Rxb4 Rxf2+ 50. Kc3 Rf3+ 51. Kc4 Nxa7 0-1

[Event "77th ch-ARM HL 2017"]
[Site "Yerevan ARM"]
[Date "2017.01.17"]
[Round "6.5"]
[White "Petrosyan, Manuel"]
[Black "Hovhannisyan, Robert"]
[Result "1/2-1/2"]
[WhiteTitle "IM"]
[BlackTitle "GM"]
[WhiteElo "2550"]
[BlackElo "2631"]
[WhiteFideId "13300857"]
[BlackFideId "13302507"]
[EventDate "2017.01.12"]

1. d4 d5 2. c4 e6 3. Nc3 a6 4. cxd5 exd5 5. Bf4 Nf6 6. e3 Bd6 7. Bxd6 Qxd6 8.
Bd3 O-O 9. h3 Re8 10. Nf3 Nc6 11. O-O Bd7 12. a3 h6 13. Qc2 Na7 14. Rac1 Rac8
15. Ne5 Re7 16. Qb3 Rb8 17. Rfd1 Be8 18. f4 Nc8 19. Be2 Qb6 20. Qc2 Nd6 21. Bf3
c6 22. Re1 Qd8 23. g4 Nd7 24. b3 Nf8 25. Qg2 f6 26. Nd3 Bg6 27. f5 Bf7 28. Re2
Qb6 29. Nc5 Rbe8 30. Qg3 Qc7 31. Nxa6 bxa6 32. Nxd5 Bxd5 33. Bxd5+ Nf7 34. Qxc7
Rxc7 35. Rxc6 Rxc6 36. Bxc6 Rc8 37. Rc2 Nd7 38. Rc4 Nb6 39. Rc5 Nd6 40. a4 Kf8
41. Kf2 Ke7 42. Bf3 Kd8 43. Ke2 Rb8 44. Kd2 Nb7 45. Rc3 Nc8 46. Rc6 a5 47. Ra6
Ncd6 48. Bd5 Kc7 49. e4 Re8 50. Kd3 h5 51. g5 fxg5 52. Bxb7 Nxb7 53. Rg6 Nd6 54.
Rxg7+ Kd8 55. e5 Nxf5 56. Rxg5 Ne7 57. Rxh5 Kd7 58. Rh7 Ke6 59. Ke4 Rd8 60. Rh6+
Kf7 61. Rh7+ Ke6 62. Rh6+ Kf7 63. Rf6+ Ke8 64. Ra6 Rb8 65. e6 Nc8 66. d5 Ke7 67.
Rc6 Kf6 68. Kd4 Ne7 69. Ra6 Rd8 70. d6 Kxe6 71. Kc5 Nf5 72. Rxa5 Rc8+ 73. Kb4
Nd4 74. Rh5 Nc6+ 75. Ka3 Kxd6 76. h4 Nd4 77. a5 Rb8 78. Rh6+ Kc5 79. Rh5+ Kd6
80. Rh6+ Kd5 81. Rb6 Rh8 82. a6 Kc5 83. Rb7 Ra8 84. a7 Nb5+ 85. Kb2 Nxa7 86. h5
Nc6 87. h6 Kd6 88. h7 Rh8 89. b4 Ne5 90. Kb3 Nd7 91. Rb5 Rxh7 92. Rg5 Nb6 93.
Rg6+ Kc7 94. Rg3 Rh5 95. Rc3+ Kb7 96. Rc5 Rh3+ 97. Rc3 Rh1 98. Rc2 Nd5 99. Rc5
Rh3+ 100. Kc4 Nc7 101. Rf5 Rh4+ 102. Kb3 Na6 103. Rf7+ Kc8 104. Rf8+ Kd7 105.
Rf7+ Ke6 106. Rb7 Kd5 107. Rb6 Nc7 108. Rf6 Rh1 109. Rf5+ Kd4 110. Rf4+ Ke5 111.
Rf8 Nd5 112. Kc4 Rh4+ 113. Kc5 Nxb4 114. Re8+ Kf6 115. Rf8+ Ke7 116. Rf3 Na6+
117. Kd5 Nc7+ 118. Kc5 Ne6+ 119. Kd5 Rh5+ 120. Kc4 Kd6 121. Rd3+ Kc6 122. Rg3
Rh4+ 123. Kc3 Kc5 124. Kd3 Nf4+ 125. Ke3 Nd5+ 126. Kf3 Rf4+ 127. Ke2 Kc4 128.
Rg8 Kd4 129. Rd8 Rf6 130. Ke1 Ke4 131. Ke2 Re6 132. Kd2 Ra6 133. Re8+ Kd4 134.
Ke2 Nf6 135. Rd8+ Ke4 136. Kd2 Ra2+ 137. Kc3 Nd5+ 138. Kc4 Rc2+ 139. Kb3 Rc3+
140. Kb2 Rc5 141. Rh8 Kd3 142. Rb8 Ne3 143. Rd8+ Kc4 144. Rb8 Rc7 145. Rd8 Rb7+
146. Kc1 Kc3 147. Rd3+ 1/2-1/2

[Event "77th ch-ARM HL 2017"]
[Site "Yerevan ARM"]
[Date "2017.01.18"]
[Round "7.1"]
[White "Gabuzyan, Hovhannes"]
[Black "Petrosyan, Manuel"]
[Result "1-0"]
[WhiteTitle "GM"]
[BlackTitle "IM"]
[WhiteElo "2585"]
[BlackElo "2550"]
[WhiteFideId "13303732"]
[BlackFideId "13300857"]
[EventDate "2017.01.12"]

1. e4 e5 2. Nf3 Nc6 3. Bb5 Nf6 4. d3 d6 5. Nc3 Be7 6. h3 a6 7. Bxc6+ bxc6 8. d4
exd4 9. Nxd4 Bd7 10. Qf3 O-O 11. O-O Re8 12. Re1 c5 13. Nf5 Bxf5 14. Qxf5 Rb8
15. b3 Nd7 16. Nd5 Bf6 17. Rb1 Re6 18. Bd2 c6 19. Nxf6+ Qxf6 20. Qxf6 Nxf6 21.
f3 d5 22. Be3 dxe4 23. Bxc5 Rd8 24. Rbd1 Rxd1 25. Rxd1 exf3 26. gxf3 h5 27. c4
Re2 28. a4 Rb2 29. b4 Rc2 30. Rd4 Kh7 31. a5 Kg6 32. Rd6 Kf5 33. Rxc6 Kf4 34.
Rxa6 Kxf3 35. Rxf6+ gxf6 36. a6 Rc1+ 37. Kh2 Rc2+ 38. Kh1 f5 39. a7 Ra2 40. b5
f4 41. b6 Ra1+ 42. Bg1 Ke2 43. b7 f3 44. b8=Q Rxg1+ 45. Kxg1 f2+ 46. Kh2 1-0

[Event "77th ch-ARM HL 2017"]
[Site "Yerevan ARM"]
[Date "2017.01.18"]
[Round "7.2"]
[White "Petrosian, Tigran L."]
[Black "Ter-Sahakyan, Samvel"]
[Result "1-0"]
[WhiteTitle "GM"]
[BlackTitle "GM"]
[WhiteElo "2592"]
[BlackElo "2582"]
[WhiteFideId "13301616"]
[BlackFideId "13302531"]
[EventDate "2017.01.12"]

1. Nf3 d5 2. g3 Nf6 3. Bg2 e6 4. O-O Be7 5. d3 O-O 6. Nbd2 a5 7. a4 b6 8. Re1
Bb7 9. c3 Nbd7 10. Qc2 e5 11. e4 dxe4 12. dxe4 Bc5 13. h3 Qe7 14. Nh4 Rfd8 15.
Bf1 Qe6 16. Ndf3 h6 17. g4 Bf8 18. g5 Nh7 19. gxh6 g6 20. b3 Be7 21. Re3 Bc5 22.
Bc4 Qf6 23. Re1 Ndf8 24. Kh2 Ba6 25. Bxa6 Rxa6 26. Rg1 Raa8 27. Rg4 Rd7 28. b4
axb4 29. cxb4 Bd4 30. Ra3 Ne6 31. Kg2 c5 32. b5 Kh8 33. Nxd4 Nxd4 34. Qa2 Qd6
35. Nf3 Nf6 36. Ng5 Rf8 37. Rgg3 Nh5 38. Rgd3 Qf6 39. h4 Nf4+ 40. Bxf4 Qxf4 41.
Rg3 Qxh4 42. Rae3 Qf4 43. a5 bxa5 44. b6 Qf6 45. Qxa5 Qd6 46. Rc3 Rc8 47. Qa2
Rf8 48. Ra3 f6 49. Nf3 Ne6 50. Nh4 Nf4+ 51. Kh2 Kh7 52. Ra7 Rd8 53. Qa4 c4 54.
Qb5 Qd2 55. Ng2 c3 56. Rxd7+ Qxd7 57. Qxd7+ Rxd7 58. Nxf4 exf4 59. Rxc3 Kxh6 60.
Rb3 Rb7 61. Kg2 Kh5 62. Kf3 g5 63. Rb1 Kg6 64. Kg4 Kf7 65. Kf5 Ke7 66. Rb5 Kf7
67. f3 Ke7 68. e5 fxe5 69. Rxe5+ Kd6 70. Rb5 Kc6 71. Rb1 Rf7+ 72. Ke4 1-0

[Event "77th ch-ARM HL 2017"]
[Site "Yerevan ARM"]
[Date "2017.01.18"]
[Round "7.4"]
[White "Hovhannisyan, Robert"]
[Black "Andriasian, Zaven"]
[Result "1/2-1/2"]
[WhiteTitle "GM"]
[BlackTitle "GM"]
[WhiteElo "2631"]
[BlackElo "2621"]
[WhiteFideId "13302507"]
[BlackFideId "13302000"]
[EventDate "2017.01.12"]

1. e4 c5 2. Nf3 d6 3. d4 cxd4 4. Nxd4 Nf6 5. Nc3 a6 6. h3 g6 7. g4 Bg7 8. Be3
O-O 9. Qd2 b5 10. O-O-O Bb7 11. f3 b4 12. Nce2 Nbd7 13. h4 Rc8 14. h5 Nxe4 15.
fxe4 Bxe4 16. Rh2 e5 17. hxg6 exd4 18. gxh7+ Kh8 19. Nxd4 Re8 20. Bh6 Be5 21.
Rf2 Nc5 22. Kb1 Ne6 23. Nxe6 Rxc2 24. Qxc2 Bxc2+ 25. Rxc2 Rxe6 26. Bc1 Kxh7 27.
Bxa6 Qh4 28. g5 Kg7 29. Rf1 d5 30. Bc8 b3 31. axb3 Rb6 32. Rcf2 Qe4+ 33. Ka2 Qg6
34. Rf5 Ra6+ 35. Bxa6 Qxa6+ 36. Kb1 Qd3+ 37. Ka2 Qa6+ 38. Kb1 Qd3+ 1/2-1/2

[Event "77th ch-ARM HL 2017"]
[Site "Yerevan ARM"]
[Date "2017.01.18"]
[Round "7.5"]
[White "Grigoryan, Karen H."]
[Black "Harutyunian, Tigran K."]
[Result "1-0"]
[WhiteTitle "GM"]
[BlackTitle "IM"]
[WhiteElo "2571"]
[BlackElo "2511"]
[WhiteFideId "13301004"]
[BlackFideId "13303635"]
[EventDate "2017.01.12"]

1. e4 e5 2. Nc3 Nf6 3. g3 Bc5 4. Bg2 Nc6 5. d3 a6 6. h3 d6 7. Nge2 Ba7 8. O-O
O-O 9. Kh2 h6 10. f4 exf4 11. Nxf4 Be6 12. Nce2 Bd7 13. Ng1 Qe7 14. c3 Rae8 15.
Bd2 Ne5 16. d4 Nc4 17. Re1 c5 18. Bc1 cxd4 19. cxd4 g5 20. b3 Na5 21. e5 dxe5
22. dxe5 Bf2 23. Re2 gxf4 24. Bxf4 Qc5 25. Nf3 Nd5 26. Rc1 Nxf4 27. Rxc5 Nxe2
28. Rxa5 Bxg3+ 29. Kh1 b6 30. Rxa6 Bb5 31. Rxb6 Rd8 32. Qa1 Bd3 33. Bf1 Nf4 34.
Rb4 Bf5 35. Nh4 Bc2 36. Qc3 Bd3 1-0

[Event "77th ch-ARM HL 2017"]
[Site "Yerevan ARM"]
[Date "2017.01.19"]
[Round "8.1"]
[White "Petrosyan, Manuel"]
[Black "Grigoryan, Karen H."]
[Result "1-0"]
[WhiteTitle "IM"]
[BlackTitle "GM"]
[WhiteElo "2550"]
[BlackElo "2571"]
[WhiteFideId "13300857"]
[BlackFideId "13301004"]
[EventDate "2017.01.12"]

1. d4 g6 2. e4 Bg7 3. Nc3 d6 4. Be3 a6 5. Qd2 b5 6. h4 h5 7. f3 Bb7 8. Nh3 Nd7
9. Ng5 c5 10. a4 b4 11. Bc4 e6 12. Ne2 Ngf6 13. dxc5 dxc5 14. Nf4 O-O 15. Nfxe6
fxe6 16. Nxe6 Qe7 17. O-O-O Kh7 18. Qd6 Qxd6 19. Rxd6 Ne5 20. Nxf8+ Bxf8 21.
Rxf6 Bg7 22. Rf7 Nxc4 23. Bxc5 Bc6 24. Bd4 Rg8 25. Rc7 Na5 26. Bb6 1-0

[Event "77th ch-ARM HL 2017"]
[Site "Yerevan ARM"]
[Date "2017.01.19"]
[Round "8.3"]
[White "Andriasian, Zaven"]
[Black "Pashikian, Arman"]
[Result "1/2-1/2"]
[WhiteTitle "GM"]
[BlackTitle "GM"]
[WhiteElo "2621"]
[BlackElo "2607"]
[WhiteFideId "13302000"]
[BlackFideId "13301578"]
[EventDate "2017.01.12"]

1. e4 e5 2. Nf3 Nc6 3. Bb5 Nf6 4. d3 Bc5 5. O-O Nd4 6. Nxd4 Bxd4 7. Nd2 O-O 8.
c3 Bb6 9. Nc4 d5 10. exd5 Qxd5 11. Nxb6 axb6 12. Bc4 Qd6 13. Bg5 h6 14. Bh4 Bg4
15. Qd2 Nh5 16. Rfe1 Rfe8 17. Qe3 Be6 18. Qxe5 Qxe5 19. Rxe5 Bxc4 20. Rxe8+ Rxe8
21. dxc4 g5 22. Bg3 Nxg3 23. hxg3 Re2 24. Rd1 Rxb2 25. Rd7 Rxa2 26. Rxc7 Ra1+
27. Kh2 Ra7 28. f3 1/2-1/2

[Event "77th ch-ARM HL 2017"]
[Site "Yerevan ARM"]
[Date "2017.01.19"]
[Round "8.4"]
[White "Harutyunian, Tigran K."]
[Black "Petrosian, Tigran L."]
[Result "1/2-1/2"]
[WhiteTitle "IM"]
[BlackTitle "GM"]
[WhiteElo "2511"]
[BlackElo "2592"]
[WhiteFideId "13303635"]
[BlackFideId "13301616"]
[EventDate "2017.01.12"]

1. Nf3 Nf6 2. c4 g6 3. Nc3 Bg7 4. e4 O-O 5. d4 d6 6. Be2 e5 7. O-O exd4 8. Nxd4
Re8 9. f3 Nc6 10. Be3 Nh5 11. Qd2 Nf4 12. Rf2 Nxe2+ 13. Rxe2 Ne5 14. b3 a6 15.
Rd1 Bd7 16. Ree1 Rb8 17. a4 c5 18. Nde2 Qb6 19. Rb1 Be6 20. Red1 Rbd8 21. Bh6
Bh8 22. Nf4 Qb4 23. Rdc1 Nc6 24. Qd3 Bd4+ 25. Kh1 Ne5 26. Qd2 f6 27. Nfe2 Nc6
28. Nxd4 cxd4 29. Nd5 Qxd2 30. Bxd2 Bxd5 31. cxd5 Ne5 32. Rc7 f5 33. exf5 gxf5
34. Rxb7 Rc8 35. Rb4 d3 36. Kg1 Rc2 37. Rd1 Ng6 38. Rd4 Re2 39. Rxd3 Nh4 40. Kh1
Rxg2 41. Rd4 Rxh2+ 42. Kxh2 Nxf3+ 43. Kg3 Nxd4 44. Bb4 Nxb3 45. Bxd6 Kf7 46. Kf4
Rc4+ 47. Kxf5 Rxa4 48. Be5 Rh4 49. d6 Rh5+ 50. Kg4 Rxe5 51. d7 Re8 52. dxe8=Q+
Kxe8 53. Rd5 Ke7 54. Kf5 h5 55. Ke4 h4 56. Kd3 h3 57. Rh5 Kd6 58. Ke4 1/2-1/2

[Event "77th ch-ARM HL 2017"]
[Site "Yerevan ARM"]
[Date "2017.01.19"]
[Round "8.5"]
[White "Hovhannisyan, Robert"]
[Black "Gabuzyan, Hovhannes"]
[Result "0-1"]
[WhiteTitle "GM"]
[BlackTitle "GM"]
[WhiteElo "2631"]
[BlackElo "2585"]
[WhiteFideId "13302507"]
[BlackFideId "13303732"]
[EventDate "2017.01.12"]

1. e4 c5 2. Nf3 d6 3. d4 cxd4 4. Nxd4 Nf6 5. Nc3 a6 6. h3 e5 7. Nde2 h5 8. Nd5
Nxd5 9. Qxd5 Nc6 10. Qd1 Be7 11. Nc3 Be6 12. Nd5 Rc8 13. Nxe7 Nxe7 14. Be2 Qd7
15. O-O Qc6 16. Re1 d5 17. exd5 Bxd5 18. Bf1 f6 19. c3 Kf7 20. f4 e4 21. Be3 Nf5
22. Qe2 Ng3 23. Qf2 h4 24. Be2 Qe6 25. a4 Rcd8 26. a5 Bc4 27. f5 Qc6 28. Bg4 Rd3
29. Bd4 Rd8 30. Rad1 Rd5 31. Rxd3 Bxd3 32. b4 Qd7 33. Ba7 Qc8 34. Bc5 Rxf5 35.
Bxf5 Qxf5 36. Qxf5 Nxf5 37. c4 g5 38. Kf2 Ke6 39. Bb6 Nd6 40. c5 Nb5 41. Ke3 Na3
42. Kd2 Nc2 43. Rb1 Nd4 44. Rd1 Nc6 45. Kc3 f5 46. Bc7 Kd5 47. g3 hxg3 48. Bxg3
f4 49. Bf2 Ne5 50. Bd4 Be2 51. Re1 Bb5 52. Rd1 Ba4 53. Ra1 Nf3 54. Bf6 Bb5 55.
Rd1+ Ke6 56. Rd6+ Kf7 57. Bd4 e3 58. c6 bxc6 59. h4 Nxd4 60. Rxd4 f3 61. hxg5 f2
62. Rf4+ Kg6 63. Kd4 0-1

[Event "77th ch-ARM HL 2017"]
[Site "Yerevan ARM"]
[Date "2017.01.20"]
[Round "9.1"]
[White "Grigoryan, Karen H."]
[Black "Hovhannisyan, Robert"]
[Result "1/2-1/2"]
[WhiteTitle "GM"]
[BlackTitle "GM"]
[WhiteElo "2571"]
[BlackElo "2631"]
[WhiteFideId "13301004"]
[BlackFideId "13302507"]
[EventDate "2017.01.12"]

1. c4 c6 2. Nf3 d5 3. e3 Nf6 4. Nc3 e6 5. Qc2 Bd6 6. b3 O-O 7. Bb2 e5 8. cxd5
cxd5 9. Nb5 Nc6 10. Nxd6 Qxd6 11. d4 Nb4 12. Qd1 e4 13. Ne5 Ne8 14. h3 f6 15.
Ng4 Bd7 16. Be2 g6 17. O-O h5 18. Nh2 Ng7 19. Ba3 a5 20. Qd2 Rac8 21. Rfc1 Ne6
22. Bb2 b6 23. a3 Nc6 24. b4 a4 25. Bc3 f5 26. b5 Na5 27. Bb4 Qb8 28. Bxf8 Rxf8
29. Bd1 Nc4 30. Rxc4 dxc4 31. Bxa4 Qd6 32. Qc3 f4 33. Qxc4 Kh7 34. Qb4 Qxb4 35.
axb4 Ra8 36. Ra2 Nc7 37. Bb3 Rxa2 38. Bxa2 Bxb5 39. exf4 Na6 40. Bb1 Bd3 41. b5
Nc7 42. Bxd3 exd3 43. Nf3 Kg7 44. Kf1 Kf6 45. Ke1 Kf5 46. Kd2 Ke4 47. Ne5 Nxb5
48. d5 Nd6 49. g3 b5 50. h4 Kxd5 51. Kxd3 Ne4 52. Nxg6 Nxf2+ 53. Kc3 Ne4+ 54.
Kb4 Nxg3 55. f5 Nxf5 56. Nf4+ Kc6 57. Nxh5 Nxh4 58. Nf4 Nf5 59. Ne2 Kb6 60. Nc3
Nd4 61. Na4+ Kc6 62. Nc3 Nc2+ 63. Kb3 Nd4+ 64. Kb4 Nc2+ 65. Kb3 1/2-1/2

[Event "77th ch-ARM HL 2017"]
[Site "Yerevan ARM"]
[Date "2017.01.20"]
[Round "9.2"]
[White "Petrosian, Tigran L."]
[Black "Petrosyan, Manuel"]
[Result "1/2-1/2"]
[WhiteTitle "GM"]
[BlackTitle "IM"]
[WhiteElo "2592"]
[BlackElo "2550"]
[WhiteFideId "13301616"]
[BlackFideId "13300857"]
[EventDate "2017.01.12"]

1. c4 e6 2. Nc3 c5 3. Nf3 Nf6 4. e4 Nc6 5. d4 cxd4 6. Nxd4 Bb4 7. Nxc6 Bxc3+ 8.
bxc3 dxc6 9. Qxd8+ Kxd8 10. e5 Nd7 11. Bf4 b6 12. h4 Ke7 13. Rh3 Re8 14. Rg3 Kf8
15. h5 h6 16. Rd1 Re7 17. Bd3 Nc5 18. Bh7 Rd7 19. Rd4 Bb7 20. Be3 Rxd4 21. cxd4
Nd7 22. Be4 Rb8 23. f4 c5 24. Bxb7 Rxb7 25. d5 b5 26. dxe6 fxe6 27. f5 exf5 28.
e6 Ne5 29. Bxc5+ Ke8 30. cxb5 Rxb5 31. Bd4 Rd5 32. Bxa7 Ng4 33. Ra3 Ke7 34. Ra6
Nf6 35. Kf2 Nxh5 36. Rc6 Nf4 37. Rc7+ Kxe6 38. Rxg7 Ra5 39. Kf3 Nd5 40. Bb8 Ra3+
41. Kf2 Rxa2+ 42. Kf3 Ra3+ 43. Kf2 Rb3 44. Ba7 Nf6 45. Rc7 f4 46. Ke2 Ne4 47.
Rc8 Kf5 48. Rf8+ Kg4 49. Bb8 Ng3+ 50. Kd2 Rb2+ 51. Kd3 Rxg2 52. Rxf4+ Kh3 53.
Rf3 h5 54. Bxg3 Kg4 55. Rf8 Kxg3 56. Rg8+ Kh2 57. Rh8 Rg5 58. Ke3 Kg3 59. Ke2
Kg2 60. Ke3 Rf5 61. Ke4 Ra5 62. Kf4 Kh3 63. Kf3 Rf5+ 64. Ke4 Rb5 65. Kf3 Kh2 66.
Rh7 Kh3 67. Kf2 Rg5 68. Ra7 h4 69. Ra4 Rg8 70. Rb4 Ra8 71. Kg1 Ra3 72. Rb1 1/2-1/2

[Event "77th ch-ARM HL 2017"]
[Site "Yerevan ARM"]
[Date "2017.01.20"]
[Round "9.3"]
[White "Gabuzyan, Hovhannes"]
[Black "Andriasian, Zaven"]
[Result "1-0"]
[WhiteTitle "GM"]
[BlackTitle "GM"]
[WhiteElo "2585"]
[BlackElo "2621"]
[WhiteFideId "13303732"]
[BlackFideId "13302000"]
[EventDate "2017.01.12"]

1. Nf3 d5 2. d4 Nf6 3. c4 c6 4. Qc2 dxc4 5. Qxc4 Bf5 6. g3 e6 7. Bg2 Be7 8. O-O
O-O 9. e3 Nbd7 10. Rd1 Qc7 11. Nc3 Ne4 12. Nd2 Nb6 13. Qb3 Nxc3 14. bxc3 e5 15.
a4 Rad8 16. a5 Nd7 17. Ba3 Rfe8 18. Nc4 Bxa3 19. Qxa3 c5 20. e4 Bg4 21. Rdc1 Be2
22. Ne3 Nf6 23. d5 c4 24. Qb4 Rb8 25. f3 b5 26. axb6 Rxb6 27. Qa5 h5 28. Re1 Bd3
29. Qxa7 Qd6 30. Bf1 h4 31. Kh1 hxg3 32. Bxd3 cxd3 33. Nc4 Qc5 34. Qxb6 g2+ 35.
Kxg2 Qxc4 36. Red1 Qxc3 37. Rac1 Qa3 38. Qb5 Qa2+ 39. Kh1 d2 40. Ra1 Qc2 41. Qe2
Qc3 42. Ra2 Nh5 43. Raxd2 Nf4 44. Qf2 Rd8 45. d6 Rd7 46. Rc2 Nh3 47. Qg2 Rxd6
48. Rg1 1-0

[Event "77th ch-ARM HL 2017"]
[Site "Yerevan ARM"]
[Date "2017.01.20"]
[Round "9.4"]
[White "Pashikian, Arman"]
[Black "Ter-Sahakyan, Samvel"]
[Result "0-1"]
[WhiteTitle "GM"]
[BlackTitle "GM"]
[WhiteElo "2607"]
[BlackElo "2582"]
[WhiteFideId "13301578"]
[BlackFideId "13302531"]
[EventDate "2017.01.12"]

1. d4 d5 2. c4 c6 3. Nf3 Nf6 4. Nc3 e6 5. Bg5 Nbd7 6. Qb3 a5 7. cxd5 exd5 8. e3
Be7 9. Bd3 O-O 10. Qc2 Re8 11. h3 Nf8 12. O-O Ng6 13. Ne5 Nd7 14. Bxe7 Qxe7 15.
f4 Ngf8 16. Rae1 Qb4 17. a3 Qb6 18. Kh1 Qd8 19. Qf2 Nb6 20. e4 f6 21. Nf3 dxe4
22. Nxe4 Be6 23. Nc5 Bd5 24. Rxe8 Qxe8 25. Nxb7 Qb8 26. Nc5 Qxf4 27. Qc2 Re8 28.
Qc3 Re3 29. Ng1 Qg5 30. Qc2 Qh4 31. Rd1 Ng6 32. Bxg6 hxg6 33. Qxg6 Rg3 34. Qe8+
Kh7 35. Rd2 Nc4 36. Re2 Nd6 37. Qb8 Rxg2 38. Rxg2 Qg3 0-1